| 000 | 00455nam a22001817a 4500 | ||
|---|---|---|---|
| 003 | MPLRDC | ||
| 005 | 20220104114321.0 | ||
| 008 | 210129b ||||| |||| 00| 0 eng d | ||
| 020 | _a962-447-506-5 | ||
| 082 | _a848.3 LFY v.32 | ||
| 100 | _a梁凤仪著 | ||
| 245 |
_a归航之篱下的岁月 _c |
||
| 260 |
_a _b勤加缘出版社 _c1997 |
||
| 300 | _b平 | ||
| 490 | _a梁凤仪小说系列;32 | ||
| 650 | _a现代别集 | ||
| 942 |
_cBK _o848.3 LFY v.32 |
||
| 999 |
_c6545 _d6535 |
||